| Поле | Название | Значение |
| |
Тип записи |
c |
| |
Библиографический уровень |
m |
| 001 |
Контрольный номер |
RU/УОНБ/EK_N/698066486 |
| 005 |
Дата корректировки |
20240130235126.2 |
| 013 |
Номер (ISMN) |
__ |
| d |
Цена |
108 р. |
| 100 |
Данные общей обработки |
__ |
| a |
Данные общей обработки |
20220213d2007 u y0rusy0189||||ca |
| 101 |
Язык документа |
0_ |
| a |
Язык текста |
rus |
| f |
Язык титульного листа |
rus |
| 102 |
Страна публикации |
__ |
| a |
Страна публикации |
RU |
| 105 |
Кодированные данные (монография) |
__ |
| a |
Кодированные данные (монография) |
y###||||000|y |
| 125 |
Кодированные данные звукозаписи и нотных изданий |
__ |
| a |
Форма изложения нотного текста |
с| |
| 128 |
Кодированные данные (звукозаписи-физические характеристики) |
__ |
| a |
Кодированные данные: Музыкальная форма и тональность или лад |
zz |
| b |
Инструменты или голоса, необходимые для ансамблей (устаревшее) |
sa|| |
| b |
Инструменты или голоса, необходимые для ансамблей (устаревшее) |
sc|| |
| 200 |
Заглавие и сведения об ответственности |
1_ |
| a |
Заглавие |
№ 2 |
| b |
Общее обозначение материала |
Ноты |
| e |
Сведения, относящиеся к заглавию |
10 пьес итал. композиторов для ансамбля скрипачей и виолончелистов в перелож. Юрия Лившица |
| 210 |
Выходные данные |
1_ |
| d |
Дата издания |
2007 |
| 215 |
Физическое описание |
__ |
| a |
Объем |
76 с., 4 парт. (14 с., 14 с., 14 с., 13 с.) |
| c |
Иллюстрации/тип воспроизводства |
портр. |
| 327 |
Примечание о содержании |
11 |
| a |
Примечание о содержании |
Содерж. : Люцци Л. Ave Maria. - Дуранте Ф. Ариетта. - Доницетти Г. Ария ; Ария Неморино. - Россини Дж. Ария. - Верди Дж. Анданте и аллегретто. - Беллини В. Полонез ; Романс. - Масканьи П. Романс Сантуццы : из оперы "Сельская честь". - Пуччини Дж. Ария Чио-Чио-сан. |
| 461 |
Уровень набора |
_0 |
| 1 |
|
001RU/УОНБ/EK_N/697912203 |
| 1 |
|
200 |
| a |
|
Нотный альбом |
| b |
|
Ноты |
| v |
|
№ 2 |
| 1 |
|
210 |
| a |
|
М. |
| c |
|
Научтехлитиздат |
| d |
|
2007 - |
| 464 |
Аналитический уровень |
_0 |
| 1 |
|
2001 |
| a |
|
Ave Maria |
| 1 |
|
700 1 |
| a |
|
Люцци |
| b |
|
Л. |
| 1 |
|
702 1 |
| a |
|
Лившиц |
| b |
|
Ю. |
| 4 |
|
030 |
| 464 |
Аналитический уровень |
_0 |
| 1 |
|
2001 |
| a |
|
Ариетта |
| 1 |
|
700 1 |
| a |
|
Дуранте |
| b |
|
Ф. |
| 1 |
|
702 1 |
| a |
|
Лившиц |
| b |
|
Ю. |
| 4 |
|
030 |
| 464 |
Аналитический уровень |
_0 |
| 1 |
|
2001 |
| a |
|
Ария |
| a |
|
Линда ди Шимуни |
| 1 |
|
700 1 |
| a |
|
Доницетти |
| b |
|
Г. |
| 1 |
|
702 1 |
| a |
|
Лившиц |
| b |
|
Ю. |
| 4 |
|
030 |
| 464 |
Аналитический уровень |
_0 |
| 1 |
|
2001 |
| a |
|
Ария |
| 1 |
|
700 1 |
| a |
|
Россини |
| b |
|
Дж. |
| 1 |
|
702 1 |
| a |
|
Лившиц |
| b |
|
Ю. |
| 4 |
|
030 |
| 464 |
Аналитический уровень |
_0 |
| 1 |
|
2001 |
| a |
|
Анданте и аллегретто |
| e |
|
из оперы "Травиата" |
| 1 |
|
700 1 |
| a |
|
Верди |
| b |
|
Дж. |
| 1 |
|
702 1 |
| a |
|
Лившиц |
| b |
|
Ю. |
| 4 |
|
030 |
| 1 |
|
50010 |
| a |
|
Травиата |
| 464 |
Аналитический уровень |
_0 |
| 1 |
|
2001 |
| a |
|
Полонез |
| 1 |
|
700 1 |
| a |
|
Беллини |
| b |
|
В. |
| 1 |
|
702 1 |
| a |
|
Лившиц |
| b |
|
Ю. |
| 4 |
|
030 |
| 464 |
Аналитический уровень |
_0 |
| 1 |
|
2001 |
| a |
|
Романс Сантуццы |
| e |
|
из оперы "Сельская честь" |
| 1 |
|
700 1 |
| a |
|
Масканьи |
| b |
|
П. |
| 1 |
|
702 1 |
| a |
|
Лившиц |
| b |
|
Ю. |
| 4 |
|
030 |
| 1 |
|
50010 |
| a |
|
Сельская честь |
| 464 |
Аналитический уровень |
_0 |
| 1 |
|
2001 |
| a |
|
Ария Чио-Чио-сан |
| 1 |
|
700 1 |
| a |
|
Пуччини |
| b |
|
Дж. |
| 1 |
|
702 1 |
| a |
|
Лившиц |
| b |
|
Ю. |
| 4 |
|
030 |
| 464 |
Аналитический уровень |
_0 |
| 1 |
|
2001 |
| a |
|
Ария Неморино |
| e |
|
из оперы "Любовный напиток" |
| 1 |
|
700 1 |
| a |
|
Доницетти |
| b |
|
Г. |
| 1 |
|
702 1 |
| a |
|
Лившиц |
| b |
|
Ю. |
| 4 |
|
030 |
| 1 |
|
50010 |
| a |
|
Любовный напиток |
| 464 |
Аналитический уровень |
_0 |
| 1 |
|
2001 |
| a |
|
Романс |
| 1 |
|
700 1 |
| a |
|
Беллини |
| b |
|
В. |
| 1 |
|
702 1 |
| a |
|
Лившиц |
| b |
|
Ю. |
| 4 |
|
030 |
| 464 |
Аналитический уровень |
__ |
| a |
|
Содерж. : Люцци Л. Ave Maria |
| 464 |
Аналитический уровень |
__ |
| a |
|
Дуранте Ф. Ариетта |
| 464 |
Аналитический уровень |
__ |
| a |
|
Доницетти Г. Ария ; Ария Неморино |
| 464 |
Аналитический уровень |
__ |
| a |
|
Россини Дж. Ария |
| 464 |
Аналитический уровень |
__ |
| a |
|
Верди Дж. Анданте и аллегретто |
| 464 |
Аналитический уровень |
__ |
| a |
|
Беллини В. Полонез ; Романс |
| 464 |
Аналитический уровень |
__ |
| a |
|
Масканьи П. Романс Сантуццы : из оперы "Сельская честь" |
| 464 |
Аналитический уровень |
__ |
| a |
|
Пуччини Дж. Ария Чио-Чио-сан. |
| 464 |
Аналитический уровень |
__ |
| a |
|
Содерж. : Люцци Л. Ave Maria |
| 464 |
Аналитический уровень |
__ |
| a |
|
Дуранте Ф. Ариетта |
| 464 |
Аналитический уровень |
__ |
| a |
|
Доницетти Г. Ария ; Ария Неморино |
| 464 |
Аналитический уровень |
__ |
| a |
|
Россини Дж. Ария |
| 464 |
Аналитический уровень |
__ |
| a |
|
Верди Дж. Анданте и аллегретто |
| 464 |
Аналитический уровень |
__ |
| a |
|
Беллини В. Полонез ; Романс |
| 464 |
Аналитический уровень |
__ |
| a |
|
Масканьи П. Романс Сантуццы : из оперы "Сельская честь" |
| 464 |
Аналитический уровень |
__ |
| a |
|
Пуччини Дж. Ария Чио-Чио-сан. |
| 512 |
Заглавие обложки |
1_ |
| a |
Заглавие обложки |
Нотный альбом |
| 606 |
Тематические рубрики |
0_ |
| a |
Основная рубрика |
Ансамбли смычковых инструментов |
| x |
Основная подрубрика |
Пьесы |
| 610 |
Ключевые слова |
0_ |
| a |
Ключевые слова |
ансамбли инструментальные |
| 610 |
Ключевые слова |
0_ |
| a |
Ключевые слова |
ансамбли смычковые |
| 610 |
Ключевые слова |
0_ |
| a |
Ключевые слова |
пьесы |
| 686 |
Индексы других классификаций |
__ |
| a |
Классификационный индекс |
85.9я43 |
| 2 |
Код системы |
ББК |
| 702 |
Вторичная интеллектуальная ответственность |
_1 |
| a |
Фамилия |
Лившиц |
| b |
Имя (инициалы) |
Ю. В. |
| 4 |
Код отношения |
030 |
| 801 |
Источник записи |
_0 |
| a |
Страна |
RU |
| b |
Организация |
Ульяновская ОНБ |
| c |
Дата составления |
20220213 |
| g |
Правила каталогизации |
RCR |
| 801 |
Источник записи |
_1 |
| a |
Страна |
RU |
| b |
Организация |
Ульяновская ОНБ |
| c |
Дата составления |
20220213 |
| g |
Правила каталогизации |
RCR |
| 901 |
Тип документа |
__ |
| t |
Тип документа |
n |
| w |
Контрольный № источника |
RU/УОНБ/EK_N/697912203 |
| 909 |
Создатель записи |
__ |
| a |
Создатель записи |
Грязнова И. Е. |
| 938 |
Служебная информация |
__ |
| a |
Имя БД |
noti |
| b |
Имя библиотеки |
УОНБ |
| c |
Имя АИБС |
МАРК-SQL |
| d |
Номер DOC_ID в БД |
25442 |